MARC details
| 000 -CABECERA |
| campo de control de longitud fija |
01883nam a2200289 a 4500 |
| 001 - NÚMERO DE CONTROL |
| campo de control |
000013777 |
| 005 - FECHA Y HORA DE LA ÚLTIMA TRANSACCIÓN |
| campo de control |
20260206120312.0 |
| 008 - DATOS DE LONGITUD FIJA--INFORMACIÓN GENERAL |
| campo de control de longitud fija |
091130s2002 dr a 001 0 spa d |
| 040 ## - FUENTE DE LA CATALOGACIÓN |
| Centro catalogador/agencia de origen |
DO-SdBNP |
| Lengua de catalogación |
spa |
| Centro/agencia transcriptor |
BNPHU |
| 082 ## - NÚMERO DE LA CLASIFICACIÓN DECIMAL DEWEY |
| Número de clasificación |
614.1 |
| Número de documento/Ítem |
O77L |
| 100 1# - ENTRADA PRINCIPAL--NOMBRE DE PERSONA |
| Nombre de persona |
Ortega G., Rafael A. |
| 9 (RLIN) |
31266 |
| 245 10 - MENCIÓN DE TÍTULO |
| Título |
Lecciones de medicina legal y sexología forense / |
| Mención de responsabilidad, etc. |
Rafael A. Ortega G. |
| 246 14 - FORMA VARIANTE DE TÍTULO |
| Título propio/Titulo breve |
Lecciones de medicina legal y sexología forense |
| 260 ## - PUBLICACIÓN, DISTRIBUCIÓN, ETC. |
| Lugar de publicación, distribución, etc. |
Santo Domingo : |
| Nombre del editor, distribuidor, etc. |
Ene Publicidad, |
| Fecha de publicación, distribución, etc. |
2002. |
| 300 ## - DESCRIPCIÓN FÍSICA |
| Extensión |
507 p. : |
| Otras características físicas |
il. ; |
| Dimensiones |
22 cm. |
| 500 ## - NOTA GENERAL |
| Nota general |
Incluye datos biográficos del autor en la contracubierta |
| 504 ## - NOTA DE BIBLIOGRAFÍA, ETC. |
| Nota de bibliografía, etc. |
Bibliográfia: p. 477 - 478 |
| 505 0# - NOTA DE CONTENIDO CON FORMATO |
| Nota de contenido con formato |
Introducción -- |
| Título |
Datos históricos y períodos -- |
| -- |
Pericia -- |
| -- |
Certificaciones médicas -- |
| -- |
Deontología médica -- |
| -- |
Eutanasia -- |
| -- |
Genética y medicina legal -- |
| -- |
Clonación(transferencia nuclear) -- |
| -- |
Procedimientos médicos y sus aplicaciones legales -- |
| -- |
Odontología forense -- |
| -- |
Equimosis -- |
| -- |
Traumatología forense -- |
| -- |
Accidentes de tránsito -- |
| -- |
Heridas -- |
| -- |
Instintos -- |
| -- |
Heridas por armas de fuego -- |
| -- |
Fracturas -- |
| -- |
Intoxicaciones -- |
| -- |
Drogas -- |
| 505 0# - NOTA DE CONTENIDO CON FORMATO |
| Nota de contenido con formato |
Homicidio, suicidio e infanticidio -- |
| Título |
Retrato hablado -- |
| -- |
Quemaduras -- |
| -- |
Quemaduras electricas (eléctricidad) -- |
| -- |
Explosiones -- |
| -- |
Levantamiento del cadáver -- |
| -- |
Dactiloscopia -- |
| -- |
Matrimonio -- |
| -- |
Embarazo -- |
| -- |
Aborto -- |
| -- |
Adulterio -- |
| -- |
Pelo -- |
| -- |
Sofocación, ahorcamiento, estrangulación -- |
| -- |
Sumersión -- |
| -- |
Medicina del seguro -- |
| -- |
Medicina del deporte -- |
| -- |
Sexología forense -- |
| -- |
Agresiones sexuales -- |
| -- |
Violación -- |
| -- |
Tanatología forense -- |
| -- |
Necropsia (autopsia) -- |
| -- |
Indicios. |
| 590 ## - NOTA LOCAL (RLIN) |
| Nota local |
Inventariado, 2018/LP |
| 650 #0 - PUNTO DE ACCESO ADICIONAL DE MATERIA--TÉRMINO DE MATERIA |
| Término de materia o nombre geográfico como elemento de entrada |
Medicina legal |
| 9 (RLIN) |
31267 |
| 650 #0 - PUNTO DE ACCESO ADICIONAL DE MATERIA--TÉRMINO DE MATERIA |
| Término de materia o nombre geográfico como elemento de entrada |
Investigación criminal |
| 9 (RLIN) |
6789 |
| 650 #4 - PUNTO DE ACCESO ADICIONAL DE MATERIA--TÉRMINO DE MATERIA |
| Término de materia o nombre geográfico como elemento de entrada |
Lesiones corporales |
| 9 (RLIN) |
31268 |
| 650 #4 - PUNTO DE ACCESO ADICIONAL DE MATERIA--TÉRMINO DE MATERIA |
| Término de materia o nombre geográfico como elemento de entrada |
Patología forense |
| 9 (RLIN) |
20406 |
| 650 #4 - PUNTO DE ACCESO ADICIONAL DE MATERIA--TÉRMINO DE MATERIA |
| Término de materia o nombre geográfico como elemento de entrada |
Autopsia |
| 9 (RLIN) |
20405 |
| 910 ## - DATOS DE OPCIÓN DEL USUARIO (OCLC) |
| Datos de opción del usuario |
Validado. Control de calidad MFF |